Research methodology in management and social sciences / (Record no. 91980)

MARC details
000 -LEADER
fixed length control field 00584nam a22001937a 4500
005 - DATE AND TIME OF LATEST TRANSACTION
control field 20150417124251.0
010 ## - LCCN (DPL NO)
LC control number ENG-112261
020 ## - INTERNATIONAL STANDARD BOOK NUMBER
Terms of availability 250.00
International Standard Book Number 9789351610137
020 ## - INTERNATIONAL STANDARD BOOK NUMBER
Terms of availability 250.00
International Standard Book Number 9351610136
035 ## - SYSTEM CONTROL NUMBER
System control number EN-95793
037 ## - SOURCE OF ACQUISITION
Source of stock number/acquisition DBAD/PUB
082 ## - DEWEY DECIMAL CLASSIFICATION NUMBER
Classification number 658.0072
100 ## - MAIN ENTRY--PERSONAL NAME
Personal name Tripathi, P.C.
245 ## - TITLE STATEMENT
Title Research methodology in management and social sciences /
Statement of responsibility, etc by P.C. Tripathi
260 ## - PUBLICATION, DISTRIBUTION, ETC. (IMPRINT)
Place of publication, distribution, etc New Delhi
Name of publisher, distributor, etc Sultan Chand
Date of publication, distribution, etc 2014
270 ## - ADDRESS
Address 23, Daryaganj,
City New Delhi
Postal code 110002
300 ## - PHYSICAL DESCRIPTION
Extent various pagings
Dimensions 25cm(pbk)
942 ## - ADDED ENTRY ELEMENTS (KOHA)
Source of classification or shelving scheme Dewey Decimal Classification
Item type English Books
Call number suffix TRI
Classification part 658.0072
Holdings
Withdrawn status Lost status Not for loan Collection code Home library Current library Date acquired Source of acquisition Cost, normal purchase price Full call number Barcode Copy number Cost, replacement price Koha item type
    Not For Loan Non-fiction D.B.Act.Division D.B.Act.Division 27/02/2015 DBAD/PUB 250.00 658.0072 TRI EN-95793 1 250.00 English Books

© Delhi Public Library
Hit Counter
free hit counter